| 000 | 01031nam a2200253Ia 4500 | ||
|---|---|---|---|
| 999 |
_c44306 _d44306 |
||
| 001 | 11064 | ||
| 003 | GE_BSU | ||
| 005 | 20221117112359.0 | ||
| 008 | 181216s2007en xx |||||||||||||| ||eng|| | ||
| 020 | _a9781402060120(e-book) x | ||
| 040 | _cGE_BSU | ||
| 041 | _aeng | ||
| 080 | _a378.4 Q 12 | ||
| 245 |
_aQUALITY ASSURANCE IN HIGHER EDUCATION : _bTrends in Regulation,Translation and Transformation / _cEdited by : DONF.WESTERHEIJDEN; BJORN STENSAKER and MARIA JOAO ROSA. |
||
| 264 |
_aUSA : _bSpringer, _c2007. |
||
| 300 |
_a262 p .: _b25 cm. |
||
| 653 | _aQUALITY ASSURANCE IN HIGHER EDUCATION. | ||
| 653 | _aხარისხის უზრუნველყოფა უმაღლეს განათლებაში. | ||
| 653 | _aტემპუსის პროექტით | ||
| 700 |
_aWESTERHEIJDEN, DONF _eრედაქტორი _915879 |
||
| 700 |
_aSTENSAKER, BJORN _eრედაქტორი _915880 |
||
| 700 |
_aROSA JOAO, MARIA _eრედაქტორი _915881 |
||
| 942 |
_cBK _2udc |
||